2024 Texas Rangers Roster - Statistics

General Stats
  • This quiz has been taken 71 times
  • The average score is 23 of 36
Answer Stats
Pos. No. Name % Correct
INF 5 Corey Seager
98%
OF 53 Adolis Garcia
93%
C 28 Jonah Heim
93%
INF 2 Marcus Semien
93%
INF 30 Nathaniel Lowe
93%
INF 20 Ezequiel Duran
89%
INF 6 Josh Jung
89%
P 17 Nathan Eovaldi
89%
OF 32 Evan Carter
87%
OF 36 Wyatt Langford
87%
INF 8 Josh H. Smith
85%
OF 3 Leody Taveras
83%
P 48 Jacob DeGrom
80%
P 25 Jose Leclerc
80%
OF 16 Travis Jankowski
74%
P 33 Dane Dunning
70%
P 22 Jon Gray
70%
P 44 Andrew Heaney
67%
P 61 Cody Bradford
65%
P 31 Max Scherzer
63%
P 39 Kirby Yates
61%
P 37 David Robertson
59%
P 66 Josh Sborz
54%
C 12 Andrew Knizner
48%
P 54 Jose Urena
46%
P 65 Grant Anderson
43%
INF 21 Jared Walsh
43%
P 72 Johnathan Hernandez
43%
INF 56 Justin Foscue
43%
P 46 Brock Burke
37%
P 67 Jacob Latz
33%
P 23 Michael Lorenzen
33%
INF 38 Davis Wendzel
24%
P 57 Yerry Rodriguez
22%
P 51 Tyler Mahle
17%
P 84 Carson Coleman
4%
No matching quizzes found
Score Distribution
Percent of People with Each Score
Percentile by Number Answered
Your Score History
You have not taken this quiz